| 000 | 00377nam a2200145Ia 4500 | ||
|---|---|---|---|
| 999 |
_c14104 _d14104 |
||
| 003 | OSt | ||
| 005 | 20260326155539.0 | ||
| 008 | 260210s9999 xx 000 0 und d | ||
| 020 | _a9788193566800 | ||
| 082 | _a747 | ||
| 100 | _aA & D | ||
| 245 | 0 | _aLuxury Indian Interiors: Perspective Of The New Indian Aesthetics (Price Printed) | |
| 260 | _bA & D Group | ||
| 942 |
_cBDES _2ddc |
||